Fisiología médica : (Registro nro. 22140)

Detalles MARC
000 -Cabecera
Campo de control interno 01237nam a22002777a 4500
005 - Fecha y hora del registro
control field 20260331151905.0
008 - Elementos de Longitud Fija
fixed length control field 260327b |||||||| |||| 00| 0 spa d
020 ## - ISBN
ISBN 9788419284280
041 ## - Idioma
Codigo Idioma ESP
082 ## - DEWEY y NOTACIÓN INTERNA
Dewey 612
Notación Interna R746
100 ## - AUTOR
Autor denominación Rhoades, Rodney A.
Término de relación editor
245 ## - TÍTULO DE MATERIAL BIBLIOGRÁFICO
Título Fisiología médica :
Título paralelo fundamentos de medicina clínica
250 ## - EDICIÓN
Edición Sexta edición
260 ## - CIUDAD, EDITORIAL, AÑO
Ciudad Philadelphia :
Nombre de la Editorial Wolters Kluwer,
Año 2004
300 ## - DESCRIPCIÓN
N° Páginas xvii, 936 páginas :
Otros detalles ilustraciones, figuras, tablas ;
Dimensiones 28 cm.
440 ## - MENCIÓN DE SERIE
Título de la Serie ;
650 ## - TEMAS
Temas Tecnología (Ciencias Aplicadas)
653 ## - DESCRIPTORES
Lenguajes no controlado Medicina; Fisiología humana
654 ## - PROGRAMAS
Programa Dpto. de Ciencias de la Salud
700 ## - OTROS AUTORES
Otros autores Bell, David R.,
Termino Relacionado editor
856 ## - URL - UBICACIÓN
URI/URL: Enlace exacto del recurso <a href="https://0u216usew-y-https-accessmedicina-mhmedical-com.itmsp.museknowledge.com/Book.aspx?bookid=1501">https://0u216usew-y-https-accessmedicina-mhmedical-com.itmsp.museknowledge.com/Book.aspx?bookid=1501</a>
Nota pública: Versión digital <a href="Véase además: Fisiología médica. Un enfoque por aparatos y sistemas, por Hershel Raff y Michael Levitzky, Versión digital">Véase además: Fisiología médica. Un enfoque por aparatos y sistemas, por Hershel Raff y Michael Levitzky, Versión digital</a>
856 ## - URL - UBICACIÓN
URI/URL: Enlace exacto del recurso <a href="https://itmsp.museknowledge.com/UCSP?groupID=2&action=source&sourceID=AccessMedicina_IP">https://itmsp.museknowledge.com/UCSP?groupID=2&action=source&sourceID=AccessMedicina_IP</a>
Nota pública: Versión digital <a href="Véase además: Base de datos McGraw Hill Access Medicina">Véase además: Base de datos McGraw Hill Access Medicina</a>
856 ## - URL - UBICACIÓN
URI/URL: Enlace exacto del recurso <a href="https://0u23futx8-y-https-www-clinicalkey-com.itmsp.museknowledge.com/student/login">https://0u23futx8-y-https-www-clinicalkey-com.itmsp.museknowledge.com/student/login</a>
Nota pública: Versión digital <a href="Véase además: Base de datos ClinicalKey">Véase además: Base de datos ClinicalKey</a>
942 ## - ELEMENTOS DE KOHA
Tipo de documento Libro
Nombre del creador Justo Noguera
Código de catalogador Tania Ramirez
Suppress in OPAC No
Esquema de clasificación Dewey Decimal Classification
Existencias
Codigo completo Registro Colección Copia número Disponibilidad Tipo de préstamo Biblioteca Actual Procedencia (Biblioteca) Ubicacón Fecha Ingreso Tipo de Adquisición Observación Date last seen Total checkouts Price effective from Tipo de Item Estado del Material Fuente de Clasificación Damaged status Withdrawn status
612 R746 1088230 Universidad Católica San Pablo 1 Disponible Disponible Víctor Andrés Belaunde Víctor Andrés Belaunde Planta baja abierta 27/03/2026 Compra Medicina 27/03/2026   27/03/2026 Libro Bueno Dewey Decimal Classification